000 00748nam a2200253Ia 4500
003 OSt
005 20221005035955.0
006 a|||||r|||| 00| 0
007 ta
008 221004b |||||||| |||| 00| 0 eng d
020 _a9789388540216 (hbk)
_cINR 1750.00
024 _a66797
037 _b127, 05/02/2020, Classic Book Service
_cTextual
040 _aCRL
_cCRL
_beng
041 _2eng
_aeng
082 _aV95.N, Q9
100 _aAzam Kousar J. Ed.
245 0 _aIndian ocean
_b new frontier
260 _aDelhi
_bManohar India
_c2019
300 _a349p.
_ccm.
650 _aINDIAN OCEAN
_9588807
942 _hV95.N, Q9
_cTEXL
_2cc
999 _c946128
_d946128